Normal view
MARC view
- Hubbard, Jim,
Entry Personal Name
001 - CONTROL NUMBER
- control field: 66091
003 - CONTROL NUMBER IDENTIFIER
- control field: KE-NaSUL
005 - DATE AND TIME OF LATEST TRANSACTION
- control field: 20250825162653.0
008 - FIXED-LENGTH DATA ELEMENTS
- fixed length control field: 250825|| aca||aabn | a|a d
040 ## - CATALOGING SOURCE
- Original cataloging agency: KE-NaSUL
- Transcribing agency: KE-NaSUL
100 ## - HEADING--PERSONAL NAME
- Personal name: Hubbard, Jim,
- Dates associated with a name: 1955-
670 ## - SOURCE DATA FOUND
- Source citation: Work cat.: (KE-NaSUL)44827: Sprankle, Maureen. 66089, Problem solving and programming concepts /, c2009.